Missing Word: 'Q' in Every Category Quiz Stats

 Plays Quiz Updated May 15, 2018

Challenge
Share
Tweet
Embed
Score 0/15 Timer 02:00
5 Plays Today
Hint Missing Word % Correct
John _____ AdamsQuincy
92.6%
_____ Pro QuoQuid
85.4%
_____ of SolaceQuantum
80.5%
Intelligence _____ (IQ)Quotient
79.1%
The Ingenious Gentleman Don _____ of La ManchaQuixote
79.1%
_____ Draw - BadgeQuick
77.2%
_____ Ann Milk Chocolate Cordial CherriesQueen
77%
_____ EyeQueer
74%
Hint Missing Word % Correct
The _____, Holy Book of IslamQur'an
73.1%
_____ RiotQuiet
69.4%
2022 FIFA World Cup _____ (location)Qatar
65.7%
_____ Airways LimitedQantas
64.9%
King's _____Quest
38.2%
Mayor of Springfield, 'Diamond Joe' _____Quimby
37.6%
_____ City, PhilippinesQuezon
28.8%

Today's Daily Dose

You're not logged in!

Compare scores with friends on all Sporcle quizzes.
Join for Free
OR
Log In

You Might Also Like...

Show Comments

Extras

Top Quizzes Today


Score Distribution

Your Account Isn't Verified!

In order to create a playlist on Sporcle, you need to verify the email address you used during registration. Go to your Sporcle Settings to finish the process.

Report this User

Report this user for behavior that violates our Community Guidelines.

Details: